MARC

LEADER 00000nam0a2200000 4500
001 237627
005 20231101231542.0
035 |a (RuTPU)RU\TPU\book\258802 
090 |a 237627 
100 |a 20130516d1968 m y0rusy50 ca 
101 0 |a rus 
102 |a RU 
105 |a a z 000zy 
200 1 |a Одиноки ли мы во Вселенной  |f Ф. И. Честнов 
210 |a Москва  |c Московский рабочий  |d 1968 
215 |a 128 с.  |c ил. 
606 1 |a Вселенная  |2 stltpush  |3 (RuTPU)RU\TPU\subj\3751  |9 32117 
610 1 |a человек 
610 1 |a космос 
610 1 |a жизнь 
610 1 |a далекие миры 
610 1 |a Галактика 
675 |a 524.8  |v 3 
700 1 |a Честнов  |b Ф. И.  |g Федор Иванович 
801 1 |a RU  |b 63413507  |c 20130516 
801 2 |a RU  |b 63413507  |c 20140120  |g RCR 
942 |c BK